| 000 | 00484nam a22001817a 4500 | ||
|---|---|---|---|
| 005 | 20180831170912.0 | ||
| 010 | _aENG-123400 | ||
| 020 | _c90.00 | ||
| 035 | _aEN-106932 | ||
| 037 | _bDBAD/PUB | ||
| 082 | _aS | ||
| 245 | 0 | 0 |
_aPopular short stories / _ced. by Renu Dalela [and] Alka Zade |
| 260 |
_aNew Delhi _bS. Chand and Company _c2018 |
||
| 270 |
_a7361, Ram Nagar, _bNew Delhi _e110055 |
||
| 300 |
_a80p. _c20cm(pbk) |
||
| 700 | _aZade, Alka | ||
| 942 |
_2ddc _cEN _mPOP _hS |
||
| 999 |
_c153540 _d153540 |
||